000
00321nam a2200133Ia 4500
008
240624s9999 xx 000 0 und d
041
_a
eng
082
_a
647.94 IYE
100
_a
IYENGAR ANAND
245
_a
HOTEL FINANCE
260
_c
2008
_a
New Delhi
_b
Oxford
300
_a
xii, : 311 : p. : cm. ; 26
365
_c
RS
_b
31
999
_c
24838
_d
24838